| 000 | 00453nam a2200193Ia 4500 | ||
|---|---|---|---|
| 005 | 20240823015800.0 | ||
| 008 | 240823s9999||||xx |||||||||||||| ||und|| | ||
| 020 | _a81-7578-042-7 | ||
| 041 | _aENGLISH | ||
| 082 | _A629.1346 | ||
| 100 | _a"Heywood,J E" | ||
| 245 | 0 | _aLight Aircraft Maintenance | |
| 250 | _a1st | ||
| 260 | _b"Sterling,M" | ||
| 500 | _aYES | ||
| 650 |
_aMaintenance _bAeronautical Engineering |
||
| 942 | _cBK | ||
| 999 |
_c173228 _d173228 |
||